English 900, Book Four

Guardado en:
书目详细资料
企业作者: English Language Services
格式: 图书
语言:Undetermined
出版: New York, Estados Unidos The Macmillan 1965
主题:
标签: 添加标签
没有标签, 成为第一个标记此记录!

MARC

LEADER 00000nam a2200000Ia 4500
008 170316s9999 xx 000 0 und d
090 |a 410 E-3en 
110 |a English Language Services 
245 |a English 900, Book Four 
260 |a New York, Estados Unidos 
260 |b The Macmillan 
260 |c 1965 
300 |a 158 páginas 
650 |a LINGÜÍSTICA 
999 |c 18355  |d 18355 
040 |a cru BVZT 
942 |c 15 D  |h 410 E-3en  |2 z